What books/plays are these movies based on? - Statistics

General Stats
  • This quiz has been taken 1,354 times
    530 since last reset
  • The average score is 5 of 14
Answer Stats
Movie Book/Play % Correct
The Lion King Hamlet
78%
Apocalypse Now Heart of Darkness
55%
My Fair Lady Pygmalion
53%
Pretty Woman Pygmalion
53%
Easy A The Scarlet letter
42%
Clueless Emma
37%
Bridget Jones Diary Pride and Prejudice
35%
Barnyard Animal Farm
32%
Blade Runner Do Androids Dream of Electric Sheep
32%
She's the Man Twelfth Night
27%
A Knight’s Tale The Canterbury Tales
18%
Anyone but You Much Ado About Nothing
15%
The SpongeBob SquarePants movie Odyssey
7%
The Dark Knight Rises A Tale of Two Cities
3%
No matching quizzes found
Score Distribution
Percent of People with Each Score
Percentile by Number Answered
Your Score History
You have not taken this quiz since the last reset